Oxford wordpower dictionary (Registo nº 18)

Detalhes MARC
000 -Etiqueta do registo
Cabeçalho 00724cam a2200277 4500
005 - Identificador da versão
Campo de controlo 20240813121752.0
095 ## -
-- PTBN00555046
010 ## - Número internacional normalizado dos livros (ISBN)
Número (ISBN) 0194311384
035 ## - Other System Control Numbers
System Control Number 0000018
System Control Number 0000018
System Control Number 0000018
System Control Number 0000018
100 ## - Dados gerais de processamento
Dados gerais de processamento 19940308d1993 k y0pory5003 ba
102 ## - Pais de publicação ou produção
País de publicação Reino Unido
101 0# - Língua de publicação
Língua do texto, banda sonora, etc. Inglês
215 ## - Descrição física 
Indicação específica da natureza do documento e extensão da espécie XII, 746 p.
Outras indicações físicas il.
Dimensões 20 cm
200 1# - Titulo e menção de responsabilidade
Título próprio Oxford wordpower dictionary
Primeira menção de responsabilidade edited by Sally Wehmeier
210 ## - Publicação, Distribuição, etc. 
Lugar da edição, distribuição, etc. Oxford
Nome do editor, distribuidor, etc. Oxford University Press
Data da publicação, distribuição, etc. 1993
606 ## - Nome comum usado como assunto
Número de registo de entrada de autoridade 0000046
Palavra de ordem Língua inglesa
Subdivisão de assunto Dicionário
675 ## - Classificação Decimal Universal (CDU)
Notação 030.8=20
Edição BN
Língua da edição por
702 ## - Nome de autor-pessoa física (responsabilidade secundária)
Número de registo de entrada de autoridade 0000048
Palavra de ordem Wehmeier
Outra parte do nome não tomada para palavra de ordem Sally
Código de função Editor literário / Coordenador
966 ## - Identificação da Biblioteca
Sigla NUMETECA
942 ## - Elementos de entrada adicionados (Koha)
Tipo de item no Koha Livro
Exemplares
Situação do levantamento Origin of item (home branch) (coded) Biblioteca de empréstimo Código de barras Cota Circulation type (not for loan) Tipo de documento Nota do exemplar Damaged status
  Biblioteca Escolar Eng. Nuno Mergulhão Biblioteca Escolar Eng. Nuno Mergulhão BENM44 811   Cativo Sem mensagem